000 01113cam a2200289 a 4500
001 1572
005 20230907105240.0
020 _a9780545361590
040 _aDLC
_cDLC
_dDLC
_beng
050 0 0 _aPZ7.B5347
_bFir 2012
082 0 0 _aFic
_223
100 1 _aBlade, Adam.
245 1 0 _aFirst hero
_cby Adam Blade.
260 _aNew York :
_bScholastic
_c2010
300 _a155 pages :
_c20 cm
_billustrations ;
490 0 _aChronicles of Avantia
_vBook 1
505 _aR
520 _aFifteen-year-old Tanner, with the good Beast Firepos the Flame Bird, is waiting to avenge his father's death by warlord Derthsin when Avantia is menaced by an evil army seeking the pieces of the Mask of Death, which allows its wearer to control all Beasts, and Tanner, aided by twins Gwen and Geffen, sets out to find the pieces first.
521 _a720
_bLexile
521 _aR
_bRaz-Plus
650 1 _aFantasy.
650 1 _aHuman-animal relationships
_vFiction.
650 1 _aSiblings
_vFiction.
650 1 _aTwins
_vFiction.
906 _a7
_bcbc
_corignew
_d1
_eecip
_f20
_gy-gencatlg
942 _2ddc
_cBK
_n0
999 _c1572
_d1572